|
|
|
|
| LEADER |
00000nam a2200000 a 4500 |
| 001 |
vtls008157805 |
| 003 |
SK-MaSNL |
| 005 |
20260301184924.0 |
| 008 |
251031s2005 xo o g 001 0 slo |
| 015 |
|
|
|a SNBA2006/05-02556
|
| 020 |
|
|
|a 8055109605
|q (viaz.)
|z 9788055109602
|
| 035 |
|
|
|a AA468C7F-B6AF-4B26-9613-CAC967F3FA47
|
| 035 |
|
|
|a urn:nbn:sk:snk-aml61t
|
| 035 |
|
|
|a urn:nbn:sk:snk-am008v1l
|
| 040 |
|
|
|a SNK
|b slo
|c SNK
|e AACR2
|
| 041 |
1 |
|
|a slo
|h eng
|
| 044 |
|
|
|a xo
|c SK
|
| 072 |
|
7 |
|a 37
|x Výchova a vzdelávanie
|2 konspekt
|
| 080 |
|
|
|a 37.03-053.2
|2 MDT-MRF
|
| 080 |
|
|
|a 316.346.32-053.31
|2 MDT-MRF
|
| 080 |
|
|
|a 316.346.32-053.3
|2 MDT-MRF
|
| 080 |
|
|
|a (035)
|2 MDT-MRF
|
| 100 |
1 |
|
|a Stoppard, Miriam,
|d 1937-
|4 aut
|9 107769
|
| 240 |
1 |
0 |
|a Teach your child
|l Slovensky
|
| 245 |
1 |
0 |
|a Otestujte svoje dieťa
|b ako objaviť a podporiť schopnosti svojho dieťaťa
|c Miriam Stoppardová; [z anglického originálu preložil Juraj Sloboda]
|
| 250 |
|
|
|a 1. vyd.
|
| 260 |
|
|
|a Bratislava
|b Ikar
|c 2005
|
| 300 |
|
|
|a 192 s.
|b fareb. fotogr.
|c 21 cm
|
| 500 |
|
|
|a Dorling kindersley book
|
| 500 |
|
|
|a Rozlož. fareb. fotogr. na tit. strane
|
| 500 |
|
|
|a Reg.
|
| 650 |
0 |
7 |
|a vývoj dieťaťa
|2 SNKPH
|9 67528
|
| 650 |
0 |
7 |
|a výchova dieťaťa
|2 SNKPH
|9 21780
|
| 650 |
0 |
7 |
|a novorodenci
|2 SNKPH
|9 1225
|
| 650 |
0 |
7 |
|a dojčatá
|2 SNKPH
|9 31365
|
| 650 |
0 |
7 |
|a batoľatá
|2 SNKPH
|9 1226
|
| 650 |
0 |
7 |
|a deti predškolského veku
|2 SNKPH
|9 4103
|
| 655 |
|
7 |
|a príručky
|2 SNKPH
|9 74364
|
| 700 |
1 |
|
|a Sloboda, Juraj
|4 trl
|9 514174
|
| 919 |
|
|
|a 80-551-0960-5
|
| 958 |
|
|
|a OND
|
| 968 |
|
|
|b ENG
|d 37
|
| 999 |
|
|
|c 862115
|d 864045
|
| 952 |
|
|
|a SNK
|b SNK
|y PREZ
|7 0
|p 17A0471942
|o snkSC 120215
|i snk2005/9390
|8 0
|0 0
|1 0
|4 0
|d 2005-06-01
|f 1
|l 0
|r 2025-05-29 00:00:00
|w 2026-02-24
|
| 952 |
|
|
|a SNK
|b SNK
|y VYP
|7 0
|p 17A0471943
|o snkSC 120215 D1
|i snk2005/9391
|8 0
|0 0
|1 0
|4 0
|d 2005-06-01
|l 0
|r 2026-02-24 05:15:50
|w 2026-02-24
|